Resolutions opposing the Tavenner bill (H.R. 8665) and the Van Dyke bill (H.R. 8677) to regulate the method of directing the work of government employees, &c.
Saved in:
| 企业作者: | |
|---|---|
| 格式: | 图书 |
| 语言: | English |
| 出版: |
New York :
[s.n.],
1916.
|
| 丛编: | Harvard pre-1920 social history/business preservation microfilm project ;
03017. |
| 主题: | |
| 标签: |
添加标签
没有标签, 成为第一个标记此记录!
|
| LEADER | 00751nam a22001817a 4500 | ||
|---|---|---|---|
| 001 | 002425794-X | ||
| 005 | 20020606093309.7 | ||
| 008 | 910219r19161992nyu a 00000 eng d | ||
| 035 | 0 | |a ocm80446892 | |
| 110 | 2 | |a Merchants' Association of New York. | |
| 245 | 1 | 0 | |a Resolutions opposing the Tavenner bill (H.R. 8665) and the Van Dyke bill (H.R. 8677) to regulate the method of directing the work of government employees, &c. |
| 260 | |a New York : |b [s.n.], |c 1916. | ||
| 300 | |a 1 v. (unpaged) ; |c 23 cm. | ||
| 650 | 0 | |a Industrial efficiency |z New York (State) |z New York. | |
| 650 | 0 | |a Industrial relations |z New York (State) |z New York. | |
| 830 | 0 | |a Harvard pre-1920 social history/business preservation microfilm project ; |v 03017. |5 mmf | |
| 988 | |a 20020608 | ||
| 906 | |0 MH | ||


